[Event "Bamberg op 2nd"]
[Site "Bamberg"]
[Date "2019.06.02"]
[Round "7"]
[White "Schreiter, Thomas"]
[Black "Kunath, Tim"]
[Result "0-1"]
[WhiteElo "1982"]
[BlackElo "2103"]
[PlyCount "72"]
[EventDate "2019.05.29"]
[EventType "swiss"]
[EventRounds "7"]
[EventCountry "GER"]
[SourceTitle "CBM 190 Extra"]
[Source "ChessBase"]
[SourceDate "2019.07.15"]
[SourceVersion "1"]
[SourceVersionDate "2019.07.15"]
[SourceQuality "1"]

1. d4 Nf6 2. c4 g6 3. g3 Bg7 4. Bg2 d6 5. Nf3 0-0 6. 0-0 Nc6 7. Nc3 a6 8. Re1 Rb8 9. d5 Na5 10. Qd3 c5 11. e4 Nd7 12. Rb1 b5 13. cxb5 axb5 14. Bf4 b4 15. Ne2 Qb6 16. Qe3 Nc4 17. Qc1 Nde5 18. Nxe5 Nxe5 19. Qd2 Qa6 20. Nc1 Bd7 21. Bh6 Nc4 22. Qf4 Be5 23. Qf3 Rfe8 24. Bf1 Bb5 25. Bxc4 Bxc4 26. Qd1 Ra8 27. Qc2 Bb5 28. a3 bxa3 29. bxa3 Ba4 30. Qa2 Reb8 31. Be3 Bd7 32. Re2 Bg4 33. Rd2 Bf3 34. Nd3 Rxb1+ 35. Qxb1 Bxe4 36. Qb3 c4 0-1

[Event "Bamberg op 2nd"]
[Site "Bamberg"]
[Date "2019.06.01"]
[Round "5"]
[White "Haselbeck, Franz"]
[Black "Kunath, Tim"]
[Result "1/2-1/2"]
[WhiteElo "1867"]
[BlackElo "2103"]
[PlyCount "76"]
[EventDate "2019.05.29"]
[EventType "swiss"]
[EventRounds "7"]
[EventCountry "GER"]
[SourceTitle "CBM 190 Extra"]
[Source "ChessBase"]
[SourceDate "2019.07.15"]
[SourceVersion "1"]
[SourceVersionDate "2019.07.15"]
[SourceQuality "1"]

1. Nf3 Nf6 2. g3 b5 3. Bg2 Bb7 4. 0-0 e6 5. a4 b4 6. d3 Be7 7. e4 0-0 8. e5 Ne8 9. Nbd2 d6 10. Nc4 a5 11. Be3 Nd7 12. Re1 Ra6 13. Qe2 Bxf3 14. Bxf3 d5 15. Nd2 Nxe5 16. Bg2 Ng6 17. d4 Rb6 18. Nb3 Qa8 19. h4 Bd6 20. h5 Ne7 21. h6 Nf5 22. hxg7 Nexg7 23. Bg5 Be7 24. Bxe7 Nxe7 25. Nc5 Qd8 26. Qg4 Ng6 27. f4 Nf5 28. Rad1 Qd6 29. Nb3 Rc6 30. Rd2 Rc4 31. Bf1 Qb6 32. Bxc4 dxc4 33. Nc5 c3 34. bxc3 bxc3 35. Rf2 Rd8 36. Ne4 Rxd4 37. Nf6+ Kg7 38. Nh5+ Kg8 1/2-1/2

[Event "Bamberg op 2nd"]
[Site "Bamberg"]
[Date "2019.06.01"]
[Round "6"]
[White "Kunath, Tim"]
[Black "Promyshlyanskiy, Vitaliy"]
[Result "0-1"]
[WhiteElo "2103"]
[BlackElo "2282"]
[PlyCount "28"]
[EventDate "2019.05.29"]
[EventType "swiss"]
[EventRounds "7"]
[EventCountry "GER"]
[SourceTitle "CBM 190 Extra"]
[Source "ChessBase"]
[SourceDate "2019.07.15"]
[SourceVersion "1"]
[SourceVersionDate "2019.07.15"]
[SourceQuality "1"]

1. e4 Nc6 2. d4 e5 3. Nf3 exd4 4. Nxd4 Nf6 5. Nc3 Bb4 6. Nxc6 bxc6 7. Bd3 d5 8. exd5 cxd5 9. 0-0 0-0 10. Bg5 Be6 11. Bxf6 Qxf6 12. Nxd5 Bxd5 13. Qh5 Rfd8 14. Qxh7+ Kf8 0-1

[Event "Oberliga Ost-A 1819"]
[Site "Germany"]
[Date "2019.02.02"]
[Round "6.8"]
[White "Ledfuss, Guntram"]
[Black "Kunath, Tim"]
[Result "0-1"]
[WhiteElo "2015"]
[BlackElo "2084"]
[PlyCount "110"]
[EventDate "2018.10.21"]
[EventType "team-tourn"]
[EventRounds "11"]
[EventCountry "GER"]
[SourceTitle "EXT 2020"]
[Source "ChessBase"]
[SourceDate "2019.10.17"]
[SourceVersion "1"]
[SourceVersionDate "2019.10.17"]
[SourceQuality "1"]
[WhiteTeam "Dresden USV TU II"]
[BlackTeam "Coswig TuS"]
[WhiteTeamCountry "GER"]
[BlackTeamCountry "GER"]

1. d4 Nf6 2. Bg5 d5 3. c4 e6 4. Nc3 Be7 5. cxd5 exd5 6. Qc2 c6 7. e3 0-0 8. Bd3 Nbd7 9. Nge2 Re8 10. Rd1 Nf8 11. 0-0 Ng6 12. f3 Nh5 13. Bxe7 Qxe7 14. e4 Qg5 15. Kh1 Nh4 16. g3 Bh3 17. f4 Qg4 18. Rf2 dxe4 19. Bxe4 Nf5 20. Rg1 Nf6 21. Bf3 Qg6 22. Ne4 Ne3 23. Nxf6+ Qxf6 24. Qd2 Ng4 25. Bxg4 Bxg4 26. Nc3 Rad8 27. h3 Rxd4 28. Re1 Rxe1+ 29. Qxe1 Qe6 30. Qxe6 Bxe6 31. Re2 Kf8 32. Kg2 Rd3 33. a3 Bc4 34. Rc2 b5 35. Kf2 Ke7 36. Ne4 Rd1 37. h4 Bd3 38. Rd2 Rxd2+ 39. Nxd2 Kd6 40. Ke3 Bf5 41. Kd4 c5+ 42. Kc3 Kd5 43. Nb3 Bd7 44. Nd2 a5 45. b3 b4+ 46. axb4 axb4+ 47. Kd3 Bb5+ 48. Ke3 c4 49. bxc4+ Bxc4 50. Ne4 b3 51. Nc3+ Kc5 52. Nd1 Kb4 53. Kd2 Ka3 54. Kc3 Be2 55. Nb2 h5 0-1

[Event "GER-chT U20"]
[Site "Duesseldorf"]
[Date "2017.12.27"]
[Round "2.3"]
[White "Dechant, Georg"]
[Black "Kunath, Tim"]
[Result "1-0"]
[WhiteElo "2060"]
[BlackElo "2006"]
[PlyCount "91"]
[EventDate "2017.12.27"]
[EventType "team-swiss"]
[EventRounds "7"]
[EventCountry "GER"]
[SourceTitle "CBM 182 Extra"]
[Source "ChessBase"]
[SourceDate "2018.02.23"]
[SourceVersion "1"]
[SourceVersionDate "2018.02.23"]
[SourceQuality "1"]
[WhiteTeam "Regensburg Bavaria U20"]
[BlackTeam "Coswig U20"]
[WhiteTeamCountry "GER"]
[BlackTeamCountry "GER"]

1. e4 c5 2. Nf3 d6 3. d4 cxd4 4. Nxd4 Nf6 5. Nc3 a6 6. f4 e5 7. Nf3 Qc7 8. Qe2 Be7 9. Qc4 Qxc4 10. Bxc4 Nbd7 11. Be3 0-0 12. 0-0-0 b6 13. Nd5 Nxd5 14. Bxd5 Rb8 15. Bc6 Rd8 16. Bxd7 Bxd7 17. fxe5 Bc6 18. exd6 Bxd6 19. Rxd6 Rxd6 20. Bf4 Rbd8 21. Bxd6 Rxd6 22. e5 Rd7 23. Rd1 Rxd1+ 24. Kxd1 Kf8 25. Ke2 Ke7 26. Ke3 h6 27. g3 f6 28. exf6+ Kxf6 29. c4 Bb7 30. Nd4 Ke5 31. b4 Be4 32. Ne2 Bg6 33. Nf4 Bf7 34. Nd3+ Kd6 35. Kd4 Be6 36. a3 Bc8 37. Nf4 Bd7 38. Nd5 Kc6 39. Ke5 Bh3 40. Ne7+ Kd7 41. Nf5 Bf1 42. Kd4 g5 43. Nxh6 Ke6 44. Ng4 Bg2 45. Ne3 Bc6 46. h4 1-0

[Event "GER-chT U20"]
[Site "Borken"]
[Date "2016.12.28"]
[Round "3.2"]
[White "Kunath, Tim"]
[Black "Austrup, David"]
[Result "1/2-1/2"]
[WhiteElo "1937"]
[BlackElo "1923"]
[PlyCount "32"]
[EventDate "2016.12.27"]
[EventType "team-swiss"]
[EventRounds "7"]
[EventCountry "GER"]
[SourceTitle "EXT 2018"]
[Source "ChessBase"]
[SourceDate "2017.10.13"]
[SourceVersion "1"]
[SourceVersionDate "2017.10.13"]
[SourceQuality "1"]
[WhiteTeam "Coswig"]
[BlackTeam "Muenster"]
[WhiteTeamCountry "GER"]
[BlackTeamCountry "GER"]

1. e4 c5 2. Nf3 d6 3. d4 cxd4 4. Nxd4 Nf6 5. Nc3 g6 6. Be3 Bg7 7. f3 0-0 8. Qd2 Nc6 9. g4 Be6 10. Nxe6 fxe6 11. 0-0-0 Ne5 12. Be2 Qc8 13. Bd4 Nc6 14. Be3 Ne5 15. Bd4 Nc6 16. Be3 Ne5 1/2-1/2

[Event "GER-chT U20"]
[Site "Borken"]
[Date "2016.12.27"]
[Round "2.2"]
[White "Tong, Kevin"]
[Black "Kunath, Tim"]
[Result "1/2-1/2"]
[WhiteElo "2061"]
[BlackElo "1937"]
[PlyCount "84"]
[EventDate "2016.12.27"]
[EventType "team-swiss"]
[EventRounds "7"]
[EventCountry "GER"]
[SourceTitle "EXT 2018"]
[Source "ChessBase"]
[SourceDate "2017.10.13"]
[SourceVersion "1"]
[SourceVersionDate "2017.10.13"]
[SourceQuality "1"]
[WhiteTeam "Erlangen"]
[BlackTeam "Coswig"]
[WhiteTeamCountry "GER"]
[BlackTeamCountry "GER"]

1. e4 c5 2. Nf3 d6 3. d4 cxd4 4. Nxd4 Nf6 5. Nc3 a6 6. Bg5 e6 7. f4 Qb6 8. Qd3 Qxb2 9. Rb1 Qa3 10. f5 Nc6 11. fxe6 fxe6 12. Nxc6 bxc6 13. Be2 Qa5 14. Bd2 Qc7 15. 0-0 Be7 16. Qg3 0-0 17. Bd3 e5 18. Bc4+ Kh8 19. Be3 Rb8 20. Rxb8 Qxb8 21. Rb1 Qc7 22. Bb6 Qd7 23. Qd3 Qg4 24. Rf1 h5 25. h3 Qg6 26. Kh1 Kh7 27. a4 h4 28. Bg1 a5 29. Bh2 Bd7 30. Bb3 Rb8 31. Re1 Rb4 32. Qf3 Bd8 33. Bg1 Bc7 34. Qd3 Nh5 35. Bh2 Nf6 36. Qf3 Bb6 37. Re2 Bd4 38. Na2 Rb8 39. Re1 Rf8 40. Rf1 Rb8 41. Re1 Rf8 42. Rf1 Rb8 1/2-1/2

[Event "GER-chT U14"]
[Site "Verden"]
[Date "2015.12.29"]
[Round "6.1"]
[White "Kunath, Tim"]
[Black "Enxing, Philemon"]
[Result "1-0"]
[WhiteElo "1762"]
[BlackElo "1494"]
[PlyCount "101"]
[EventDate "2015.12.27"]
[EventType "team-swiss"]
[EventRounds "7"]
[EventCountry "GER"]
[SourceTitle "EXT 2017"]
[Source "ChessBase"]
[SourceDate "2016.10.25"]
[SourceVersion "1"]
[SourceVersionDate "2016.10.25"]
[SourceQuality "1"]
[WhiteTeam "Coswig"]
[BlackTeam "Leipzig SG"]
[WhiteTeamCountry "GER"]
[BlackTeamCountry "GER"]

1. e4 e6 2. d4 d5 3. Nd2 c5 4. exd5 exd5 5. Ngf3 Nf6 6. Bb5+ Bd7 7. Bxd7+ Nbxd7 8. 0-0 Be7 9. dxc5 Nxc5 10. c3 0-0 11. Nb3 Nce4 12. Nfd4 Qd7 13. Bf4 Bd8 14. f3 Nd6 15. Nc5 Qc7 16. Bxd6 Qxd6 17. Nxb7 Qb6 18. Nxd8 Rfxd8 19. Qd2 Rd6 20. Kh1 Qb7 21. Rfe1 Qd7 22. Re5 Re8 23. Rxe8+ Nxe8 24. Re1 Rg6 25. Qe2 Nd6 26. Qe7 Qxe7 27. Rxe7 Kf8 28. Rxa7 Nc4 29. Rb7 Rb6 30. Rxb6 Nxb6 31. b3 Ke8 32. Kg1 Kd7 33. Kf2 Nc8 34. Ke3 Nd6 35. a4 g5 36. g4 Kc8 37. Nf5 Nb7 38. Kd4 Na5 39. b4 Nc4 40. Ne7+ Kd7 41. Nxd5 Nd2 42. a5 Kc8 43. Kc5 Nxf3 44. a6 Ne5 45. b5 Kb8 46. b6 Nd7+ 47. Kb5 f5 48. gxf5 g4 49. Nc7 g3 50. a7+ Kb7 51. a8Q# 1-0

[Event "GER-chT U14"]
[Site "Verden"]
[Date "2015.12.29"]
[Round "5.1"]
[White "Silber, Kevin"]
[Black "Kunath, Tim"]
[Result "1/2-1/2"]
[WhiteElo "1790"]
[BlackElo "1762"]
[PlyCount "93"]
[EventDate "2015.12.27"]
[EventType "team-swiss"]
[EventRounds "7"]
[EventCountry "GER"]
[SourceTitle "EXT 2017"]
[Source "ChessBase"]
[SourceDate "2016.10.25"]
[SourceVersion "1"]
[SourceVersionDate "2016.10.25"]
[SourceQuality "1"]
[WhiteTeam "Delmenhorst"]
[BlackTeam "Coswig"]
[WhiteTeamCountry "GER"]
[BlackTeamCountry "GER"]

1. e4 c6 2. Nc3 d5 3. Nf3 Bg4 4. h3 Bxf3 5. Qxf3 e6 6. d4 Nf6 7. e5 Nfd7 8. Be3 c5 9. Qg3 cxd4 10. Bxd4 Nc6 11. 0-0-0 Nxd4 12. Rxd4 g6 13. Be2 Bc5 14. Rdd1 a6 15. h4 Qc7 16. f4 0-0-0 17. Na4 Ba7 18. Kb1 Kb8 19. Qb3 Ka8 20. Rh3 Rc8 21. Rc3 Qa5 22. Rxc8+ Rxc8 23. c4 dxc4 24. Bxc4 Nc5 25. Nxc5 Qxc5 26. Be2 Qe3 27. Bf3 Qxb3 28. axb3 Bb6 29. Rd6 Ka7 30. Rd7 Rc7 31. Rxc7 Bxc7 32. Kc2 Kb6 33. Kd3 Bd8 34. h5 Be7 35. hxg6 hxg6 36. g4 g5 37. f5 exf5 38. gxf5 f6 39. Kd4 Kc7 40. Kd5 Kd7 41. b4 b6 42. b5 a5 43. Kd4 fxe5+ 44. Kxe5 Ke8 45. Ke6 Kf8 46. f6 Bc5 47. Kf5 1/2-1/2

[Event "GER-chT U14"]
[Site "Verden"]
[Date "2015.12.28"]
[Round "3.1"]
[White "Kunath, Tim"]
[Black "Garbuz, Vitaliy"]
[Result "0-1"]
[WhiteElo "1762"]
[BlackElo "1743"]
[PlyCount "96"]
[EventDate "2015.12.27"]
[EventType "team-swiss"]
[EventRounds "7"]
[EventCountry "GER"]
[SourceTitle "EXT 2017"]
[Source "ChessBase"]
[SourceDate "2016.10.25"]
[SourceVersion "1"]
[SourceVersionDate "2016.10.25"]
[SourceQuality "1"]
[WhiteTeam "Coswig"]
[BlackTeam "Brackel"]
[WhiteTeamCountry "GER"]
[BlackTeamCountry "GER"]

1. e4 e5 2. Nf3 Nc6 3. d4 exd4 4. Nxd4 Nf6 5. Nc3 Bb4 6. Nxc6 bxc6 7. Bd3 d5 8. exd5 cxd5 9. 0-0 0-0 10. Bg5 Be6 11. Nb5 Be7 12. Nd4 Bd7 13. Nf5 Bxf5 14. Bxf5 Qd6 15. Re1 Rfe8 16. Qf3 c5 17. Rad1 Rad8 18. Bf4 Qb6 19. Be5 d4 20. b3 Qa5 21. Qc6 Bd6 22. f4 Qb6 23. Qf3 Bxe5 24. fxe5 Nd5 25. e6 fxe6 26. Re5 Ne3 27. Rxe3 dxe3 28. Rxd8 Qxd8 29. Bd3 Qh4 30. Qxe3 Qd4 31. Qxd4 cxd4 32. Kf2 g6 33. Kf3 Kg7 34. Ke4 e5 35. Kd5 Kf6 36. a4 a5 37. Ke4 Kg5 38. Bc4 h5 39. Be2 Rf8 40. Bf3 Rf5 41. Kd3 Rf4 42. b4 axb4 43. a5 Rf7 44. a6 Ra7 45. Bb7 Kf4 46. Bc8 h4 47. Bb7 g5 48. Bc8 Rc7 0-1

[Event "GER-chT U14"]
[Site "Verden"]
[Date "2015.12.28"]
[Round "4.1"]
[White "Kunath, Tim"]
[Black "Pfreundt, Mathis"]
[Result "1/2-1/2"]
[WhiteElo "1762"]
[BlackElo "1814"]
[PlyCount "50"]
[EventDate "2015.12.27"]
[EventType "team-swiss"]
[EventRounds "7"]
[EventCountry "GER"]
[SourceTitle "EXT 2017"]
[Source "ChessBase"]
[SourceDate "2016.10.25"]
[SourceVersion "1"]
[SourceVersionDate "2016.10.25"]
[SourceQuality "1"]
[WhiteTeam "Coswig"]
[BlackTeam "Koenigsspringer"]
[WhiteTeamCountry "GER"]
[BlackTeamCountry "GER"]

1. e4 c5 2. Nf3 Nc6 3. d4 cxd4 4. Nxd4 g6 5. Nc3 Bg7 6. Be3 Nf6 7. Bc4 Qa5 8. 0-0 0-0 9. Bb3 d6 10. f3 Bd7 11. Kh1 Rac8 12. Nxc6 Bxc6 13. Bd4 a6 14. Nd5 Bxd5 15. exd5 Nd7 16. Bxg7 Kxg7 17. Qd4+ Kg8 18. Rfe1 Rfe8 19. c3 Qc5 20. Rad1 Qxd4 21. Rxd4 Nc5 22. Bc2 Rc7 23. a4 Kg7 24. Kg1 h6 25. Kf2 Kf6 1/2-1/2

[Event "GER-chT U14"]
[Site "Regensburg"]
[Date "2014.12.28"]
[Round "4.2"]
[White "Hesse, Henrik"]
[Black "Kunath, Tim"]
[Result "1/2-1/2"]
[WhiteElo "1698"]
[BlackElo "1699"]
[PlyCount "50"]
[EventDate "2014.12.27"]
[EventType "team-swiss"]
[EventRounds "7"]
[EventCountry "GER"]
[SourceTitle "EXT 2016"]
[Source "ChessBase"]
[SourceDate "2015.10.08"]
[SourceVersion "1"]
[SourceVersionDate "2015.10.08"]
[SourceQuality "1"]
[WhiteTeam "Treptow"]
[BlackTeam "Coswig TuS"]
[WhiteTeamCountry "GER"]
[BlackTeamCountry "GER"]

1. c4 e6 2. e3 Nf6 3. Nc3 b6 4. d4 Bb7 5. Nf3 Bb4 6. Bd2 0-0 7. Bd3 d6 8. a3 Bxc3 9. Bxc3 Nbd7 10. Qc2 c5 11. Ng5 h6 12. Ne4 Nxe4 13. Bxe4 Bxe4 14. Qxe4 e5 15. dxe5 Nxe5 16. Rd1 Re8 17. Qd5 Qh4 18. Bxe5 dxe5 19. 0-0 Rad8 20. Qb7 Qxc4 21. Qxa7 Qb3 22. Rd7 Rxd7 23. Qxd7 Re6 24. Qd2 e4 25. Rd1 Kh7 1/2-1/2

[Event "GER-chT U12"]
[Site "Schney"]
[Date "2013.12.29"]
[Round "5.2"]
[White "Wachtel, Arthur"]
[Black "Kunath, Tim"]
[Result "1-0"]
[WhiteElo "1434"]
[BlackElo "1552"]
[PlyCount "67"]
[EventDate "2013.12.27"]
[EventType "team-swiss"]
[EventRounds "7"]
[EventCountry "GER"]
[SourceTitle "EXT 2015"]
[Source "ChessBase"]
[SourceDate "2014.11.20"]
[SourceVersion "1"]
[SourceVersionDate "2014.11.20"]
[SourceQuality "1"]
[WhiteTeam "Freising"]
[BlackTeam "Coswig"]
[WhiteTeamCountry "GER"]
[BlackTeamCountry "GER"]

1. e4 d5 2. exd5 Qxd5 3. Nc3 Qa5 4. d4 c6 5. Bc4 Nf6 6. Bd2 Qc7 7. Qe2 Bf5 8. 0-0-0 e6 9. Nf3 Be7 10. Ne5 Nbd7 11. h3 Nxe5 12. dxe5 Nd7 13. g4 Bg6 14. f4 h6 15. Be3 b5 16. Bb3 b4 17. Nb1 Be4 18. Rhf1 Bd5 19. f5 Qxe5 20. Qd2 0-0 21. g5 hxg5 22. Bxg5 Bxg5 23. Qxg5 Qf6 24. Qg3 Qh6+ 25. Nd2 Nc5 26. Kb1 Nxb3 27. Nxb3 a5 28. f6 g6 29. Rd4 Qh5 30. Rh4 Qe2 31. Re1 Qg2 32. Rh8+ Kxh8 33. Qh4+ Kg8 34. Qh6 1-0

[Event "GER-chT U12"]
[Site "Schney"]
[Date "2013.12.27"]
[Round "1.2"]
[White "Wacker, Andreas"]
[Black "Kunath, Tim"]
[Result "1/2-1/2"]
[WhiteElo "1495"]
[BlackElo "1552"]
[PlyCount "72"]
[EventDate "2013.12.27"]
[EventType "team-swiss"]
[EventRounds "7"]
[EventCountry "GER"]
[SourceTitle "EXT 2015"]
[Source "ChessBase"]
[SourceDate "2014.11.20"]
[SourceVersion "1"]
[SourceVersionDate "2014.11.20"]
[SourceQuality "1"]
[WhiteTeam "Lambsheim"]
[BlackTeam "Coswig"]
[WhiteTeamCountry "GER"]
[BlackTeamCountry "GER"]

1. e4 d5 2. exd5 Qxd5 3. Nc3 Qa5 4. Nf3 c6 5. d4 Nf6 6. Bd2 Bf5 7. Ne4 Qc7 8. Nxf6+ gxf6 9. Bc4 e6 10. Be3 Rg8 11. g3 Nd7 12. Qd2 Be4 13. Be2 Nb6 14. Rg1 Nd5 15. a3 Qb6 16. 0-0-0 0-0-0 17. Ne1 Nxe3 18. Qxe3 Bg6 19. Nf3 c5 20. Qc3 Qc7 21. Rgf1 cxd4 22. Qxc7+ Kxc7 23. Rxd4 Rxd4 24. Nxd4 a6 25. Nb3 Bd6 26. Rd1 Be4 27. Bd3 Bf3 28. Re1 h5 29. h4 f5 30. Nd2 Bd5 31. Bc4 Bxc4 32. Nxc4 Bc5 33. Re2 f4 34. Re5 Bd6 35. Rxh5 fxg3 36. fxg3 Bxg3 1/2-1/2

[Event "GER-chT U12"]
[Site "Verden"]
[Date "2012.12.29"]
[Round "6.2"]
[White "Kunath, Tim"]
[Black "Schramm, Moritz"]
[Result "1-0"]
[WhiteElo "1387"]
[BlackElo "1441"]
[PlyCount "95"]
[EventDate "2012.12.27"]
[EventType "team-swiss"]
[EventRounds "7"]
[EventCountry "GER"]
[SourceTitle "EXT 2014"]
[Source "ChessBase"]
[SourceDate "2013.11.20"]
[SourceVersion "1"]
[SourceVersionDate "2013.11.20"]
[SourceQuality "1"]
[WhiteTeam "Coswig 1920"]
[BlackTeam "Stadtilm Blau Weiss"]
[WhiteTeamCountry "GER"]
[BlackTeamCountry "GER"]

1. e4 c5 2. Nf3 d6 3. d4 cxd4 4. Nxd4 Nf6 5. Nc3 a6 6. Bg5 e6 7. f4 Be7 8. Qf3 0-0 9. 0-0-0 Qc7 10. g4 a5 11. Bxf6 Bxf6 12. Ndb5 Qc5 13. Rxd6 a4 14. e5 Be7 15. Ne4 Qb4 16. a3 Qa5 17. Rd1 Nc6 18. Ned6 Rb8 19. Qc3 Qa8 20. g5 b6 21. h4 Bb7 22. Nxb7 Qxb7 23. Bg2 Qc7 24. Nd6 Qa7 25. Qxc6 Bxd6 26. Qxd6 b5 27. Qd4 Qc7 28. Be4 Rfd8 29. Qc3 Qa7 30. Rxd8+ Rxd8 31. Qe1 Qb6 32. Bd3 Qc7 33. Qd2 Qb6 34. Rd1 Re8 35. Kb1 Rb8 36. Qb4 Qc6 37. Bxb5 Qc7 38. Qd6 Qxd6 39. Rxd6 g6 40. Bxa4 Kg7 41. Rd4 Rc8 42. c4 Ra8 43. c5 Rc8 44. c6 Kf8 45. Rd7 Kg7 46. Rb7 Kf8 47. c7 Kg8 48. Bd7 1-0